000 00639nmm a2200193Ia 4500
008 251105s9999||||xx |||||||||||||||||und||
020 _a9788498413168
041 _aspa
100 _aMartín Gaite, Carmen
245 0 _aEl cuento de nunca acabar :
_b (apuntes sobre la narración, el amor y la mentira)
264 _a[Madrid, España] :
_bSiruela,
_c2014
300 _a336 páginas
490 _aLibros del Tiempo / Biblioteca Carmen Martín Gaite
650 _aSpanish narrative
700 _aMartín Gaite, Carmen
700 1 _a Guelbenzu, José María
856 _uhttps://public.digitaliapublishing.com/a/31848
942 _cCF
999 _c68398
_d68398